000 00556cam a2200193 4500500
005 20260329004830.0
041 _afre
042 _adc
100 1 0 _aOrtoli, Sven
_eauthor
245 0 0 _aT’as d’beaux os, tu sais
260 _c2021.
500 _a91
690 _aAnimal
690 _aArchéologie
690 _aDinosaure
690 _afossile
786 0 _nPhilosophie magazine | 150 | 6 | 2021-06-01 | p. 21-22 | 1951-1787
856 4 1 _uhttps://shs.cairn.info/magazine-philosophie-magazine-2021-6-page-21?lang=fr&redirect-ssocas=7080
999 _c1837752
_d1837752